000
00323nam a2200133Ia 4500
005
20260328104345.0
008
260328s9999||||xx |||||||||||||| ||und||
100
_a
Guerra, Abilio
245
0
_a
Ruy Ohtake, arquiteto /
_c
Abilio Guerra
260
_b
Romano Guerra
300
_a
357 p.
650
_a
ARQUITECTOS
942
_c
BK
999
_c
12270
_d
12270